00371pab a2200145 454500008004000000100002000040245004700060260000900107300001300116362001200129650002700141700001900168700001700187773002100204180718b2005 xxu||||| |||| 00| 0 eng d aMallick, Sambit aDebates on Science and technology in India c2005 ap.49-75. aNov-Dec aScience and technology aKulkarni, S.G. aHaribabu, E. aSocial Scientist